Pinzón y los inventos /

Guardado en:
Autor Principal: Van Reek, Wouter
Otros Autores: Dayan, Corinne; trad.
Formato: Libro
Publicado: Buenos Aires : Adriana Hidalgo Editora, 2013
Series:Pípala
Materias:
Etiquetas: Agregar Etiqueta
Sin Etiquetas, Sea el primero en etiquetar este registro!
LEADER 00810nam a22002535a 4500
001 CEM.cems015401
005 20191203164546.0
008 130507s2013##################000#0#####d
003 CEMS
020 |a 9789871923106 
082 0 4 |a 839.3137 
100 1 |a Van Reek, Wouter 
245 1 0 |a Pinzón y los inventos /  |c Wouter Van Reek ; traducido Por Corinne Dayan 
260 |a Buenos Aires :  |b Adriana Hidalgo Editora,  |c 2013 
300 |a 32 p. 
490 0 |a Pípala 
500 |a Título original: Keepvogel De uitvinding 
653 |a Literatura 
653 |a Literatura holamdesa 
653 |a Literatura infantil 
653 |a Cuentos infantiles 
653 |a Colección ciencias de la educación 
700 1 |a Dayan, Corinne; trad. 
859 |a CEMS  |b BIB. CEMS - Ccias. Educacion  |h 839.3137  |i V351-1  |k CE  |p 28782.19  |t Ej.1